[Event "Brno op"]
[Site "Brno"]
[Date "1996.??.??"]
[Round "?"]
[White "Holemar, David"]
[Black "Malis, Jiri"]
[Result "0-1"]
[WhiteElo "2110"]
[BlackElo "2220"]

1.d4 g6 2.c4 Bg7 3.Nc3 d6 4.Nf3 Nf6 5.e4 O-O 6.Be2 e5 7.dxe5 dxe5 8.Qxd8 Rxd8
9.Bg5 c6 10.O-O h6 11.Be3 Nbd7 12.Rfd1 Re8 13.h3 Bf8 14.Nh2 Nc5 15.f3 Nh5
16.Ng4 Nf4 17.Bxf4 Bxg4 18.Be3 Be6 19.b4 Nd7 20.a3 f5 21.exf5 gxf5 22.f4 exf4
23.Bxf4 Bg7 24.Rac1 Ne5 25.Bh5 Red8 26.Nd5 cxd5 27.cxd5 Rxd5 28.Rxd5 Bxd5
29.Rd1 Bf7 30.Be2 Rc8  0-1

[Event "POL-ch (Women)"]
[Site "Brzeg Dolny"]
[Date "1996.??.??"]
[Round "2"]
[White "Bobrowska, Monika"]
[Black "Brustman, Agnieszka"]
[Result "0-1"]
[WhiteElo "2305"]
[BlackElo "2320"]

1.d4 Nf6 2.Nf3 g6 3.c4 Bg7 4.Nc3 O-O 5.e4 d6 6.Be2 e5 7.d5 Nbd7 8.Bg5 h6
9.Bh4 g5 10.Bg3 Nh5 11.O-O Nf4 12.Ne1 f5 13.exf5 Nxe2+ 14.Qxe2 Nf6 15.Nc2 Bxf5
16.Ne3 Bg6 17.c5 Nh5 18.cxd6 cxd6 19.Nc4 Qe7 20.Rac1 Nf4 21.Bxf4 gxf4 22.f3 Bf6
23.Ne4 Rad8 24.Qd3 Kh8 25.Qa3 Bxe4 26.fxe4 a6 27.Qh3 Qh7 28.Qf3 Qg6 29.Rc2 Rd7
30.a4 Bd8 31.a5 Rg8 32.Kh1 Rdg7 33.Rfc1 Qf6 34.b4 Qg6 35.Rb1 h5 36.b5 h4
37.bxa6 bxa6 38.Rg1 Rb7 39.Rgc1 Rh7 40.h3 Rhg7 41.Rb1 Qh6 42.Qa3 Be7 43.Rb7 Qh5
44.Qf3 Qe8 45.Qd1 Rg3 46.Nxe5 dxe5 47.Rc8 Qg6 48.Rxg8+ Kxg8 49.Rb8+ Kg7 50.Qc2 f3
51.Rb7 Kf7 52.d6 Qxd6 53.Qb3+ Kg7 54.gxf3 Rxh3+ 55.Kg2 Qg6+ 56.Kf2 Qg3+ 57.Ke2 Rh2+
58.Kd3 Qxf3+ 59.Kc4 Qxb3+  0-1

[Event "POL-ch (Women)"]
[Site "Brzeg Dolny"]
[Date "1996.??.??"]
[Round "5"]
[White "Zielinska, Marta"]
[Black "Dworakowska, Joanna"]
[Result "1-0"]
[WhiteElo "2250"]
[BlackElo "2265"]

1.d4 Nf6 2.Nf3 g6 3.c4 Bg7 4.Nc3 O-O 5.e4 d6 6.Be2 e5 7.O-O Na6 8.Be3 Ng4
9.Bg5 Qe8 10.dxe5 dxe5 11.h3 h6 12.Bd2 Nf6 13.Be3 Nh5 14.Re1 Nf4 15.Bf1 Ne6
16.a3 f5 17.b4 f4 18.Bc1 c6 19.Bb2 Qe7 20.Nd5 cxd5 21.exd5 Ng5 22.Nxe5 Bxe5
23.Rxe5 Qh7 24.h4 Nf7 25.Re7 f3 26.g3 g5 27.Bd3 Bf5 28.Bxf5 Qxf5 29.Qd4 Qh7
30.Rae1 Rfd8 31.h5 Rac8 32.Rxf7  1-0

[Event "POL-ch (Women)"]
[Site "Brzeg Dolny"]
[Date "1996.??.??"]
[Round "10"]
[White "Henc, Renata"]
[Black "Zielinska, Marta"]
[Result "1/2-1/2"]
[WhiteElo "2115"]
[BlackElo "2250"]

1.d4 Nf6 2.c4 g6 3.Nc3 Bg7 4.e4 d6 5.Be2 O-O 6.Nf3 e5 7.d5 a5 8.Bg5 h6 9.Bh4 Na6
10.Nd2 h5 11.Bg5 Qe8 12.a3 Bd7 13.b3 Nh7 14.Be3 Qe7 15.Rb1 f5 16.f3 f4 17.Bf2 g5
18.h4 Bf6 19.hxg5 Nxg5 20.Rxh5 Kg7 21.b4 axb4 22.axb4 Rh8 23.Rxh8 Rxh8 24.Nf1 Nf7
25.Kd2 Rh1 26.Qe1 Nh8 27.g4 fxg3 28.Bxg3 Ng6 29.Qf2 Bg5+ 30.Kc2 Bh3 31.Kb3 Nf4
32.Ne3 Rxb1+ 33.Nxb1 Nxe2 34.Qxe2 c5 35.dxc6 bxc6 36.Nc2 Qb7 37.Kc3 Nxb4
38.Nxb4 c5 39.Qb2 cxb4+ 40.Qxb4 Qxb4+ 41.Kxb4 Bg2 42.c5 dxc5+ 43.Kxc5 Bxf3
44.Bxe5+ Bf6 45.Bxf6+ Kxf6 46.Kd4 Bxe4 47.Kxe4  1/2-1/2

[Event "Spring op"]
[Site "Budapest"]
[Date "1996.??.??"]
[Round "1"]
[White "Csiszar, Csaba"]
[Black "Nagy, Mihaly"]
[Result "0-1"]
[WhiteElo "2375"]
[BlackElo "2095"]

1.d4 Nf6 2.c4 g6 3.Nc3 Bg7 4.e4 d6 5.Nf3 O-O 6.Be2 e5 7.Be3 Nc6 8.d5 Ne7
9.Nd2 Nd7 10.b4 f5 11.f3 Nf6 12.O-O Nh5 13.Re1 fxe4 14.fxe4 Nf4 15.Bf1 Kh8
16.c5 Ng8 17.Nc4 Nf6 18.cxd6 cxd6 19.h3 N6h5 20.Ne2 b5 21.Nd2 Nd3 22.Nf3 Nxe1
23.Nxe1 Nf4 24.Nc3 a6 25.Nc2 Bd7 26.Rc1 Rc8 27.Qd2 Qe7 28.Kh2 Nh5 29.g3 Rf3
30.Ne2 Rff8 31.Bg2 Rc4 32.Rd1 Rc7 33.Na1 Rfc8 34.Nc1 Bf6 35.Ncb3 Bg7 36.Na5 Rf8
37.Bg1 Bf6 38.Qe3 Rb8 39.N1b3 Bg5 40.Qe2 Nxg3 41.Kxg3 Bf4+ 42.Kf3 Qh4 43.Qe1 Qh5+
44.Kf2 Rc2+ 45.Nd2 Rf8  0-1

[Event "Budapest FS03 IM"]
[Site "Budapest"]
[Date "1996.??.??"]
[Round "1"]
[White "Bors, Tamas"]
[Black "Watanabe, Akira"]
[Result "0-1"]
[WhiteElo "2150"]
[BlackElo "2255"]

1.d4 Nf6 2.Nf3 g6 3.c4 Bg7 4.Nc3 O-O 5.e4 d6 6.Be2 e5 7.d5 a5 8.h3 Na6 9.Be3 Nh5
10.Bg5 Qe8 11.Ng1 Nf4 12.g3 Nxe2 13.Ngxe2 f5 14.Be3 Qf7 15.Rh2 Bd7 16.Qd2 Nc5
17.Bxc5 dxc5 18.O-O-O a4 19.Qe3 b6 20.a3 f4 21.Qd3 fxg3 22.fxg3 Qf3 23.g4 Bh6+
24.Kc2 Be3 25.Rhh1 Bd4 26.Rhf1 Qg2 27.Qg3 Qxg3 28.Nxg3 Kg7 29.Nce2 Kh6 30.Nxd4 cxd4
31.Rg1 Rf2+ 32.Rd2 Raf8 33.Nf5+ Bxf5 34.gxf5 Rxd2+ 35.Kxd2 gxf5 36.exf5 Rxf5
37.Kd3 Rf3+ 38.Kd2 Rxh3 39.Re1 Re3 40.Rc1 e4 41.c5 bxc5 42.Rxc5 Rb3 43.Rxc7 e3+
44.Kc1 e2 45.Kd2 Rxb2+ 46.Ke1 d3 47.Re7 Rb1+ 48.Kd2 Rd1+  0-1

[Event "Budapest FS02 IM"]
[Site "Budapest"]
[Date "1996.??.??"]
[Round "1"]
[White "Ladanyi, Tibor"]
[Black "Kiss, Gedeon"]
[Result "1-0"]
[WhiteElo "2160"]
[BlackElo "2130"]

1.d4 Nf6 2.c4 g6 3.Nc3 Bg7 4.e4 d6 5.Be2 O-O 6.Nf3 e5 7.d5 a5 8.Bg5 h6 9.Bh4 Na6
10.Nd2 Bd7 11.a3 Qe8 12.b3 Nh7 13.Rb1 Nc5 14.f3 h5 15.Bf2 f5 16.Qc2 Nf6 17.O-O f4
18.b4 axb4 19.axb4 Na4 20.Nb5 Qb8 21.c5 dxc5 22.bxc5 Ra5 23.Rb4 c6 24.Rxa4 Rxa4
25.Qxa4 cxb5 26.Bxb5 Qc7 27.Rb1 Bc8 28.Nc4 Nd7 29.Qb4 g5 30.Bxd7 Qxd7 31.Nb6 Qd8
32.Nxc8 Qxc8 33.Qxb7 Qe8 34.c6 g4 35.c7 gxf3 36.gxf3 Qd7 37.Qc6 Qh3 38.Qe6+  1-0

[Event "Budapest FS09 GM"]
[Site "Budapest"]
[Date "1996.??.??"]
[Round "2"]
[White "Sukharisingh, Ralf"]
[Black "Peter, Ambrus"]
[Result "1/2-1/2"]
[WhiteElo "2400"]
[BlackElo "2435"]

1.d4 Nf6 2.Nf3 g6 3.c4 Bg7 4.Nc3 O-O 5.e4 d6 6.Be2 e5 7.d5 a5 8.O-O Na6 9.Bg5 h6
10.Bh4 g5 11.Bg3 Nh5 12.Nd2 Nf4 13.Re1 Nc5 14.Nb3 b6 15.Nxc5 Nxe2+ 16.Rxe2 bxc5
17.f3 f5 18.exf5 Bxf5 19.Qd2 g4 20.f4 exf4 21.Bxf4 Qf6 22.Nb5 Rae8 23.Rae1 Rxe2
24.Qxe2 Bd7 25.Be3 Bxb5 26.cxb5 h5 27.b3 Qf5 28.Qd2 Re8 29.Bf2 Rxe1+ 30.Qxe1 Qxd5
31.Qxa5 Qd3 32.Qe1 Kf7 33.Qf1 Qxf1+ 34.Kxf1 Bc3 35.Ke2 Ke6 36.Kd3 Bb4 37.Bg3 Kd5
38.h3 gxh3 39.gxh3 Ba3 40.Bf4 Ke6 41.Bg3 Kd5 42.Be1 Ke6 43.Ba5 Kd7 44.b4 cxb4
45.Kc4 c6 46.bxc6+ Kxc6 47.Bxb4 d5+ 48.Kb3 Bxb4 49.Kxb4 h4 50.Kc3 Kc5 51.Kd3 d4
52.a4 Kb4 53.Kxd4 Kxa4 54.Ke4 Kb5 55.Kf4 Kc6 56.Kg4 Kd7  1/2-1/2

[Event "EUCup f"]
[Site "Budapest"]
[Date "1996.??.??"]
[Round "2"]
[White "Chuchelov, Vladimir"]
[Black "Sherzer, Alex"]
[Result "1-0"]
[WhiteElo "2490"]
[BlackElo "2490"]

1.d4 Nf6 2.Nf3 g6 3.c4 Bg7 4.Nc3 O-O 5.e4 d6 6.Be2 e5 7.O-O exd4 8.Nxd4 Re8
9.f3 Nc6 10.Be3 Nh5 11.Qd2 f5 12.Rad1 f4 13.Nxc6 bxc6 14.Bxf4 Nxf4 15.Qxf4 Rb8
16.Qd2 g5 17.c5 Be5 18.cxd6 cxd6 19.Bc4+ Kh8 20.b3 Rb7 21.Ne2 Rg7 22.Kh1 Qf6
23.g3 Bh3 24.Rf2 Qh6 25.f4 gxf4 26.gxf4 Qh4 27.Ng3 Bf6 28.Re1 c5 29.e5 dxe5
30.fxe5 Rge7 31.Re4 Rxe5 32.Rxh4 Re1+ 33.Nf1  1-0

[Event "Budapest FS03 IM"]
[Site "Budapest"]
[Date "1996.??.??"]
[Round "2"]
[White "Watanabe, Akira"]
[Black "Farago, Sandor"]
[Result "1/2-1/2"]
[WhiteElo "2255"]
[BlackElo "2365"]

1.d4 Nf6 2.c4 g6 3.Nc3 Bg7 4.e4 d6 5.Be2 O-O 6.Nf3 e5 7.Be3 Nc6 8.d5 Ne7
9.Nd2 Ne8 10.c5 f5 11.f3 Kh8 12.O-O Ng8 13.cxd6 cxd6 14.Nc4 Bh6 15.Bf2 Ngf6
16.Qb3 fxe4 17.fxe4 b6 18.Be3 Bxe3+ 19.Nxe3 Rb8 20.a4 Nc7 21.Qc2 Na6 22.Rf2 Nd7
23.Raf1 Rxf2 24.Rxf2 Ndc5 25.Nb5 Nb4 26.Qb1 a6 27.Qf1 Kg8 28.Nc3 Qe7 29.h3 Bd7
30.Bg4 Nbd3 31.Rf3 h5 32.Bxd7 Qxd7 33.Rf6 Nf4 34.Nc4 b5 35.axb5 axb5 36.Nxd6 Qe7
37.Rxf4 exf4 38.Qxf4 Rf8 39.Qg3 Qf6 40.e5 h4 41.exf6 hxg3 42.f7+ Kg7 43.Ncxb5 Rb8
44.Kf1 Ne4 45.Nxe4 Rxb5 46.d6 Kxf7 47.Nxg3 Rxb2 48.Kg1 Rd2 49.Kh2 Rxd6 50.Kg1 Rd2
51.Kh2 Ke6 52.Nh1 Kf5 53.Ng3+ Kf4 54.Nh1 Ra2 55.Ng3 Ke3 56.Nh1 Ra8 57.Ng3 Ra5
58.Nh1 Kf4 59.Kg1 Rb5 60.Kh2 Rb3 61.Kg1 g5 62.Kh2 Rb8 63.Kg1 Rh8 64.Nf2 Rh7
65.Kh2 Ke3 66.Kg1 Rf7 67.Nh1 Rf8  1/2-1/2

[Event "Budapest FS02 IM"]
[Site "Budapest"]
[Date "1996.??.??"]
[Round "2"]
[White "Gnichtel, Gerd"]
[Black "Hausrath, Daniel"]
[Result "0-1"]
[WhiteElo "2165"]
[BlackElo "2390"]

1.d4 Nf6 2.c4 g6 3.Nc3 Bg7 4.e4 d6 5.Be2 O-O 6.Nf3 Qe8 7.O-O e5 8.d5 a5 9.Nd2 Na6
10.a3 Bd7 11.b3 Qe7 12.Rb1 Nc5 13.Qc2 Bh6 14.b4 axb4 15.axb4 Na4 16.Nxa4 Bxa4
17.Nb3 Bxc1 18.Rfxc1 b6 19.Qd3 Bxb3 20.Rxb3 Ra4 21.Bf3 Rfa8 22.Qc3 Nd7 23.Bg4 Nf8
24.Qe3 h5 25.Bf3 Nd7 26.g3 Kg7 27.h4 Ra2 28.Kg2 R8a4 29.g4 hxg4 30.Bxg4 Nf6
31.Bf3 Nh7 32.Rh1 Rc2 33.Rc3 Rb2 34.c5 Raxb4 35.cxd6 cxd6 36.Rc6 Rd4 37.h5 Ng5
38.hxg6 Rdd2 39.gxf7 Rxf2+ 40.Qxf2 Rxf2+ 41.Kxf2 Qxf7  0-1

[Event "Budapest FS08 IM"]
[Site "Budapest"]
[Date "1996.??.??"]
[Round "3"]
[White "Gladyszev, Oleg"]
[Black "Zimmerman, Yuri"]
[Result "1/2-1/2"]
[WhiteElo "2310"]
[BlackElo "2445"]

1.d4 Nf6 2.c4 g6 3.Nc3 Bg7 4.e4 d6 5.Nf3 O-O 6.Be2 e5 7.d5 a5 8.O-O Na6 9.Bg5 h6
10.Bh4 Qe8 11.Nd2 Nh7 12.a3 Bd7 13.Kh1 h5 14.f3 Bh6 15.Qc2 Be3 16.Bf2 Bxf2
17.Rxf2 f5 18.exf5 gxf5 19.Rb1 Nf6 20.b4 axb4 21.axb4 c5  1/2-1/2

[Event "Budapest FS10 IM"]
[Site "Budapest"]
[Date "1996.??.??"]
[Round "3"]
[White "Murzin, Lenar"]
[Black "De Santis, Alessio"]
[Result "1/2-1/2"]
[WhiteElo "2230"]
[BlackElo "2320"]

1.d4 Nf6 2.c4 g6 3.Nc3 Bg7 4.e4 d6 5.Be2 O-O 6.Nf3 e5 7.O-O exd4 8.Nxd4 Re8
9.f3 Nc6 10.Be3 Nh5 11.Qd2 Nxd4 12.Bxd4 Nf4 13.Bxg7 Qg5 14.Kf2 Kxg7 15.Qd4+ Qe5
16.Rfd1 Ne6 17.Qd2 Qxh2 18.Rh1 Qf4 19.Qd3 f5 20.Rae1 Bd7 21.Bd1 c6 22.Bc2 Rad8
23.b4 Qe5 24.Rd1 Bc8 25.g3 fxe4 26.Nxe4 d5 27.cxd5 Rxd5 28.Qe3 h5 29.Qc1 Nd4
30.f4 Qf5 31.Qb2 Rxe4 32.Rxd4 Rdxd4 33.Bxe4 Qf6 34.Bf3 Bf5 35.Re1 Rd7 36.Re5 Kf7
37.Qe2 Qd6 38.a3 Qd4+ 39.Re3 Re7 40.Qe1 Kf6 41.Qc3  1/2-1/2

[Event "Budapest FS04 IM"]
[Site "Budapest"]
[Date "1996.??.??"]
[Round "3"]
[White "Murzin, Lenar"]
[Black "Kahn, Evarth"]
[Result "1/2-1/2"]
[WhiteElo "2265"]
[BlackElo "2315"]

1.d4 Nf6 2.c4 g6 3.Nc3 Bg7 4.e4 O-O 5.Nf3 d6 6.Be2 e5 7.dxe5 dxe5 8.Qxd8 Rxd8
9.Bg5 Nbd7 10.O-O-O Re8 11.Nb5 Rf8 12.Nxc7 Rb8 13.Nd2 Nc5 14.Be3 b6 15.f3 Ne6
16.Nd5 Nd7 17.Nb1 Ndc5 18.Nbc3 a5 19.b3 Ba6 20.Kc2 Rb7 21.Bf2 Nd4+ 22.Kb2 Rc8
23.Rhe1 h6 24.Bf1 Nce6 25.Bh4 Kh7 26.Nf6+ Kh8 27.Ncd5 b5 28.cxb5 Bxb5 29.Bxb5 Rxb5
30.Rc1 Nc5 31.Red1 Rcb8 32.Bg3 Bxf6 33.Nxf6 Ncxb3 34.axb3 Rxb3+ 35.Ka2 Rb2+
36.Ka1 R2b3 37.Ka2 Rb2+ 38.Ka1 R2b3 39.Ka2 Rb2+ 40.Ka1 R2b3 41.Ka2  1/2-1/2

[Event "Budapest FS02 IM"]
[Site "Budapest"]
[Date "1996.??.??"]
[Round "3"]
[White "Ladanyi, Tibor"]
[Black "Farago, Sandor"]
[Result "0-1"]
[WhiteElo "2160"]
[BlackElo "2365"]

1.d4 Nf6 2.c4 g6 3.Nc3 Bg7 4.e4 d6 5.Be2 O-O 6.Nf3 e5 7.d5 a5 8.Bg5 h6 9.Bh4 Na6
10.Nd2 Qe8 11.a3 Bd7 12.b3 Nh7 13.Rb1 f5 14.f3 Nf6 15.b4 axb4 16.axb4 Nh5
17.Bf2 Nf4 18.O-O b6 19.c5 bxc5 20.bxc5 Nxc5 21.Bxc5 dxc5 22.Bc4 Kh8 23.Re1 Qe7
24.Bf1 c4 25.Nxc4 Qc5+ 26.Kh1 Rfb8 27.Qd2 g5 28.Qe3 Qf8 29.Qd2 g4 30.Ne3 gxf3
31.gxf3 fxe4 32.fxe4 Qf7 33.Bc4 Qh5 34.Qf2 Rf8 35.Qg3 Rf6 36.Be2 Nxe2 37.Rxe2 Rf3
38.Qe1 Raf8 39.Rg2 Bh3 40.Rg3  0-1

[Event "Budapest FS06 IM"]
[Site "Budapest"]
[Date "1996.??.??"]
[Round "4"]
[White "Schlusnik, Nandor"]
[Black "Joecks, Christian"]
[Result "0-1"]
[WhiteElo "2225"]
[BlackElo "2380"]

1.d4 Nf6 2.c4 g6 3.Nc3 Bg7 4.e4 d6 5.Nf3 O-O 6.Be2 e5 7.O-O exd4 8.Nxd4 Re8
9.f3 Nc6 10.Be3 Nh5 11.Nxc6 bxc6 12.f4 Bxc3 13.bxc3 Rxe4 14.Bd4 Nxf4 15.Bf3 Qe8
16.Bxe4 Qxe4 17.Qd2 Ne2+ 18.Kh1 Nxd4 19.Rae1 Ne2 20.Rxe2 Qxc4 21.Re8+ Kg7
22.Qf2 Rb8 23.Qf6+ Kh6 24.Rfe1 Rb2 25.h3 Bf5 26.Rg8 Bxh3 27.Re3 Bxg2+ 28.Kg1 Qg4  0-1

[Event "Budapest FS03 GM"]
[Site "Budapest"]
[Date "1996.??.??"]
[Round "4"]
[White "Namgilov, Sogto"]
[Black "Videki, Sandor"]
[Result "1-0"]
[WhiteElo "2425"]
[BlackElo "2460"]

1.d4 Nf6 2.c4 g6 3.Nc3 Bg7 4.e4 d6 5.Be2 O-O 6.Nf3 e5 7.Be3 Ng4 8.Bg5 f6
9.Bc1 Nc6 10.d5 Ne7 11.h3 Nh6 12.g4 f5 13.Ng5 Kh8 14.f3 Nhg8 15.h4 fxg4 16.fxg4 Nf6
17.Be3 c6 18.Rg1 b5 19.Qc2 b4 20.Nd1 Bd7 21.Nf2 Qa5 22.Qd2 cxd5 23.exd5 Rab8
24.Bf3 Kg8 25.Be4 Rfc8 26.b3 Bh6 27.Nxh7 Nxe4 28.Nxe4 Bxe3 29.Nhf6+ Kg7 30.Qxe3  1-0

[Event "Budapest FS02 IM"]
[Site "Budapest"]
[Date "1996.??.??"]
[Round "5"]
[White "Ladanyi, Tibor"]
[Black "Czebe, Attila"]
[Result "1/2-1/2"]
[WhiteElo "2160"]
[BlackElo "2325"]

1.d4 Nf6 2.c4 g6 3.Nc3 Bg7 4.e4 d6 5.Be2 O-O 6.Nf3 e5 7.d5 a5 8.Bg5 h6 9.Bh4 Na6
10.Nd2 Qe8 11.a3 Bd7 12.b3 Nh7 13.Rb1 h5 14.f3 Bh6 15.Bf2 Nc5 16.O-O f5 17.Qc2 Nf6
18.b4 axb4 19.axb4 Na4 20.Nb5 Bxb5 21.cxb5 Bxd2 22.Qxd2 fxe4 23.Qc2 exf3
24.Bxf3 e4 25.Rbe1 Qf7 26.Bd4 Qxd5 27.Rd1 Qe6 28.Bxf6 Rxf6 29.Bxe4 Nc3 30.Qxc3 Rxf1+
31.Rxf1 Qxe4 32.Qxc7 Qd4+ 33.Kh1 Rf8  1/2-1/2

[Event "Budapest FS04 IM"]
[Site "Budapest"]
[Date "1996.??.??"]
[Round "5"]
[White "Murzin, Lenar"]
[Black "Farago, Sandor"]
[Result "0-1"]
[WhiteElo "2265"]
[BlackElo "2365"]

1.d4 Nf6 2.c4 d6 3.Nf3 g6 4.Nc3 Bg7 5.e4 O-O 6.Be2 e5 7.d5 Na6 8.Bg5 h6 9.Bh4 Qe8
10.Nd2 Nh7 11.O-O Bf6 12.Bg3 Qe7 13.Bg4 Bxg4 14.Qxg4 h5 15.Qe2 h4  0-1

[Event "Budapest FS08 GM"]
[Site "Budapest"]
[Date "1996.??.??"]
[Round "5"]
[White "Kumaran, Dharshan"]
[Black "Stocek, Jiri"]
[Result "1-0"]
[WhiteElo "2495"]
[BlackElo "2460"]

1.c4 Nf6 2.Nc3 g6 3.d4 Bg7 4.e4 d6 5.Nf3 O-O 6.Be2 e5 7.d5 Nbd7 8.Be3 Nc5
9.Nd2 a5 10.O-O Nfd7 11.b3 f5 12.f3 Nf6 13.a3 f4 14.Bf2 g5 15.b4 axb4 16.axb4 Rxa1
17.Qxa1 Na6 18.Rb1 g4 19.Bh4 gxf3 20.Nxf3 Kh8 21.c5 dxc5 22.Bxa6 cxb4 23.Bxb7 Bxb7
24.Rxb4 Bc8 25.Qa5 Qd6 26.Rc4 Ne8 27.Rc6 Qd7 28.Qc5 Rg8 29.Qe7 Qxe7 30.Bxe7 Bd7
31.Rc5 Bh6 32.Kf1 Bg4 33.Nxe5 f3 34.Nxf3 Be3 35.Rc6 Bc8 36.Bc5  1-0

[Event "Budapest FS07 IM"]
[Site "Budapest"]
[Date "1996.??.??"]
[Round "6"]
[White "Kerek, Csaba"]
[Black "Todorovic, Jovan"]
[Result "0-1"]
[WhiteElo "2190"]
[BlackElo "2365"]

1.d4 Nf6 2.c4 g6 3.Nc3 Bg7 4.e4 d6 5.Nf3 O-O 6.Be2 e5 7.d5 a5 8.Bg5 h6 9.Bh4 Na6
10.Nd2 Qe8 11.O-O Nh7 12.a3 Bd7 13.Kh1 h5 14.f3 Bh6 15.b3 Be3 16.Bf2 Bxf2
17.Rxf2 Qe7 18.Rb1 Rfb8 19.b4 axb4 20.axb4 c5 21.dxc6 bxc6 22.b5 Nc5 23.Nb3 Nxb3
24.Rxb3 Nf8 25.Bf1 Ne6 26.Rd2 Nd4 27.Rb1 h4 28.Ne2 c5 29.Nxd4 cxd4 30.Ra1 h3
31.Rda2 hxg2+ 32.Bxg2 Rxa2 33.Rxa2 Be6 34.Bf1 Kg7 35.Rg2 Qb7 36.Qa1 Rc8 37.Rc2 Qb6
38.Qa6 Qc5 39.Bd3 Qb4 40.Qa1 Qb3 41.Qf1 Ra8 42.Rd2 Qc3 43.Rd1 Ra2 44.Qe1 Qb3
45.Qf1 Qc3 46.Qe1 Qb2 47.Qg1 Bh3 48.Bf1 Bxf1 49.Rxf1 Qe2  0-1

[Event "Budapest FS09 IM"]
[Site "Budapest"]
[Date "1996.??.??"]
[Round "7"]
[White "Kopisch, Martin"]
[Black "Kiss, Gedeon"]
[Result "0-1"]
[WhiteElo "2220"]
[BlackElo "2190"]

1.Nf3 Nf6 2.c4 g6 3.Nc3 Bg7 4.d4 O-O 5.e4 d6 6.Be2 e5 7.dxe5 dxe5 8.Be3 Nbd7
9.h3 Qe7 10.O-O c6 11.Qc2 Nh5 12.Rfd1 f5 13.exf5 gxf5 14.Bg5 Ndf6 15.Qd2 e4
16.Nh2 Qf7 17.Bh6 Be6 18.Bxg7 Qxg7 19.Qd6 Rae8 20.Kh1 Kh8 21.Bxh5 Nxh5 22.Qd4 Nf6
23.Ne2 Qg5 24.g3 h5 25.h4 Qg7 26.Nf4 b6 27.Qc3 Kh7 28.Rd6 Bc8 29.Nh3 c5 30.Qe3 Ng4
31.Ng5+ Kh8 32.Nxg4 f4 33.gxf4 Bxg4 34.Re1 Bf3+ 35.Kh2 Qxb2 36.f5 Qe5+ 37.Kg1 Qxd6
38.Ne6 Rg8+ 39.Kf1 Qd3+ 40.Qxd3 exd3 41.Ng5 Be2+ 42.Rxe2 dxe2+  0-1

[Event "Budapest FS10 IM"]
[Site "Budapest"]
[Date "1996.??.??"]
[Round "7"]
[White "Dudas, Jan"]
[Black "De Santis, Alessio"]
[Result "1-0"]
[WhiteElo "2395"]
[BlackElo "2320"]

1.d4 Nf6 2.Nf3 g6 3.c4 Bg7 4.Nc3 O-O 5.e4 d6 6.Be2 e5 7.O-O exd4 8.Nxd4 Re8
9.f3 Nc6 10.Be3 Nh5 11.Nxc6 bxc6 12.g4 Be5 13.Rf2 Nf4 14.Bf1 Qh4 15.Ne2 Nxe2+
16.Qxe2 Rb8 17.Rb1 c5 18.Qd2 Qf6 19.Qa5 Rb6 20.Qxa7 Bb7 21.Qa4 Ra8 22.Qd7 Rxa2
23.g5 Qe6 24.Qxc7 Rb3 25.Re1 Raxb2 26.h3 h6 27.f4 Bc3 28.f5 gxf5 29.exf5 Qe5
30.Qd8+ Kg7 31.f6+ Kg6 32.Qg8+ Kh5 33.Qh7 Kh4 34.Qxh6+ Kg3 35.Qh5 Qe4 36.Bf4+ Qxf4
37.Rxf4  1-0

[Event "Budapest FS02 IM"]
[Site "Budapest"]
[Date "1996.??.??"]
[Round "7"]
[White "Ladanyi, Tibor"]
[Black "Gnichtel, Gerd"]
[Result "0-1"]
[WhiteElo "2160"]
[BlackElo "2165"]

1.d4 Nf6 2.c4 g6 3.Nc3 Bg7 4.e4 d6 5.Be2 O-O 6.Nf3 e5 7.d5 a5 8.Bg5 h6 9.Bh4 Na6
10.Nd2 Qe8 11.a3 Bd7 12.O-O Nh7 13.f3 h5 14.Rb1 a4 15.Nb5 Bh6 16.Be1 Qe7
17.Qxa4 Be3+ 18.Kh1 h4 19.Qc2 Qg5 20.Nb3 b6 21.Bd2 Bf4 22.Bxf4 exf4 23.Bd3 Nf6
24.N3d4 Kg7 25.Kg1 h3 26.Qf2 Nh5 27.Ne2 hxg2 28.Qxg2 Qh6 29.Kf2 Nf6 30.Rg1 Qh4+
31.Ng3 Rh8 32.Ke2 fxg3 33.hxg3 Qg5 34.Rbd1 Rh3 35.Kf2 Rah8 36.f4 Ng4+ 37.Ke2 Qf6
38.Ke1 Rh2 39.Qf3 Rf2 40.e5 dxe5 41.Qe4 Nc5 42.fxe5 Nxe5  0-1

[Event "Budapest FS03 GM"]
[Site "Budapest"]
[Date "1996.??.??"]
[Round "8"]
[White "Lukacs, Peter"]
[Black "Videki, Sandor"]
[Result "1-0"]
[WhiteElo "2440"]
[BlackElo "2460"]

1.d4 Nf6 2.c4 g6 3.Nc3 Bg7 4.e4 d6 5.Nf3 O-O 6.Be2 e5 7.Be3 Ng4 8.Bg5 f6
9.Bh4 Qe8 10.O-O Na6 11.c5 dxc5 12.dxe5 Be6 13.Nd5 Rd8 14.exf6 Nxf6 15.Bxf6 Bxf6
16.Nxf6+ Rxf6 17.Qc2 Bg4 18.e5 Rf4 19.Qb3+ c4 20.Qxb7 Nc5 21.Qxc7 Nd3 22.Bxd3 cxd3
23.e6 Rf5 24.Ne5 Rc8 25.Qf7+ Rxf7 26.exf7+ Qxf7 27.Nxf7 Kxf7 28.f3  1-0

[Event "Budapest FS03 GM"]
[Site "Budapest"]
[Date "1996.??.??"]
[Round "8"]
[White "Afek, Yochanan"]
[Black "Gyimesi, Zoltan"]
[Result "1/2-1/2"]
[WhiteElo "2395"]
[BlackElo "2545"]

1.c4 Nf6 2.d4 g6 3.Nc3 Bg7 4.e4 d6 5.Nf3 O-O 6.Be2 e5 7.dxe5 dxe5 8.Qxd8 Rxd8
9.Bg5 Re8 10.Nd5 Nxd5 11.cxd5 c6 12.dxc6 Nxc6  1/2-1/2

[Event "Budapest FS03 IM"]
[Site "Budapest"]
[Date "1996.??.??"]
[Round "8"]
[White "Watanabe, Akira"]
[Black "Navrotescu, Catalin"]
[Result "1-0"]
[WhiteElo "2255"]
[BlackElo "2370"]

1.d4 Nf6 2.c4 g6 3.Nc3 Bg7 4.e4 d6 5.Be2 O-O 6.Nf3 e5 7.Be3 c6 8.d5 Ng4 9.Bg5 f6
10.Bh4 c5 11.Nd2 Nh6 12.f3 Nf7 13.Rb1 Bh6 14.Bf2 f5 15.b4 b6 16.bxc5 bxc5
17.O-O Nd7 18.Qc2 Nf6 19.Rb2 Ng5 20.Re1 fxe4 21.Ncxe4 Nfxe4 22.Nxe4 Nxe4
23.fxe4 Rxf2 24.Kxf2 Qh4+ 25.Kf1 Qxh2 26.Bf3 Bd7 27.Rb7 Rf8 28.Qf2 Bg4 29.Reb1 Bg5
30.Rb8 Bc8 31.Ke2 Qf4 32.Kd3 Qf7 33.Ra8 Qd7 34.Rbb8 Kg7 35.Qc2 h5 36.Qe2 Kh6
37.Qd1 Bf4 38.Qe2 Kg5 39.Rb1 Qc7 40.Rab8 Rf7 41.R8b2 Ba6 42.g3 Bxg3 43.Bxh5 gxh5
44.Qe3+ Bf4 45.Rg2+ Kh6 46.Qh3 Qe7 47.Rh1  1-0

[Event "Budapest FS07 IM"]
[Site "Budapest"]
[Date "1996.??.??"]
[Round "8"]
[White "Kerek, Csaba"]
[Black "Stevanovic, Vladan S"]
[Result "1/2-1/2"]
[WhiteElo "2190"]
[BlackElo "2300"]

1.d4 Nf6 2.c4 g6 3.Nc3 Bg7 4.e4 d6 5.Nf3 O-O 6.Be2 e5 7.O-O Nbd7 8.Re1 c6
9.Bf1 a5 10.d5 Nc5 11.Qc2 Bd7 12.Be3 b6 13.Bxc5 bxc5 14.dxc6 Bxc6 15.Rad1 Qe7
16.Nd5 Bxd5 17.cxd5 Bh6 18.Rd3 a4 19.Ra3 Qd7 20.Be2 Rfb8 21.Bd1 Ra7 22.Nd2 Bxd2
23.Qxd2 Rb4 24.f3 Qb7 25.b3 axb3 26.Rxa7 Qxa7 27.axb3 Rb8 28.Kh1 Qb6 29.Bc2 Qb4
30.Qxb4 cxb4 31.Ra1 Rc8 32.Bd3 Rc3 33.Bc4 Nd7 34.h3 Nc5 35.Ra8+ Kg7 36.Rd8 f5
37.Rxd6 fxe4 38.fxe4 Nxe4 39.Rb6 h5 40.h4 Nf2+ 41.Kg1 Ng4 42.g3 Rc1+ 43.Kg2 Ne3+
44.Kf3 Nxc4 45.bxc4 Rxc4 46.Re6 Rc5 47.Rxe5 Rb5 48.Re7+ Kf8 49.d6 b3 50.Re4 Rd5
51.Rb4 Rxd6 52.Rxb3 Kf7  1/2-1/2

[Event "Budapest FS12 IM"]
[Site "Budapest"]
[Date "1996.??.??"]
[Round "9"]
[White "Vukovic, Ivo"]
[Black "Edelman, Daniel"]
[Result "1-0"]
[WhiteElo "2310"]
[BlackElo "2400"]

1.Nf3 Nf6 2.c4 g6 3.Nc3 Bg7 4.e4 d6 5.d4 O-O 6.Be2 e5 7.O-O Nh5 8.dxe5 dxe5
9.Qxd8 Rxd8 10.Bg5 f6 11.Rfd1 Re8 12.Be3 c6 13.g3 Be6 14.b4 Bf8 15.Rab1 Nd7
16.Nd2 Ng7 17.c5 a5 18.a3 axb4 19.axb4 Ra3 20.Rbc1 Nb8 21.Nc4 Rb3 22.b5 Nd7
23.Na5 Nxc5 24.Nxb3 Bxb3 25.Rf1 Nge6 26.bxc6 bxc6 27.Nb1 Nxe4 28.Rxc6 Bd5
29.Rcc1 N4g5 30.h4 Nf3+ 31.Bxf3 Bxf3 32.Nd2 Ba8 33.Nc4 Bf3 34.Nd2 Ba8 35.Rfd1 f5
36.Nc4 f4 37.gxf4 exf4 38.Bb6 g5 39.Nd6 Rb8 40.Ba7 Rd8 41.Nf5 Re8 42.Re1 gxh4
43.Nd4 Ba3 44.Rc2 Kf7 45.Nxe6 Rxe6 46.Rxe6 Kxe6 47.Bb8 Be4 48.Ra2 Bc1 49.Ra5 Kf6
50.Be5+ Kg6 51.Ra1 Kf5 52.Bc3  1-0

[Event "Budapest FS04 IM"]
[Site "Budapest"]
[Date "1996.??.??"]
[Round "10"]
[White "Murzin, Lenar"]
[Black "Schoene, Ralf"]
[Result "0-1"]
[WhiteElo "2265"]
[BlackElo "2405"]

1.d4 Nf6 2.c4 g6 3.Nc3 Bg7 4.e4 d6 5.Be2 O-O 6.Nf3 e5 7.dxe5 dxe5 8.Qxd8 Rxd8
9.Bg5 Nbd7 10.O-O-O Rf8 11.b4 c6 12.Nd2 a5 13.a3 Re8 14.f3 Nh5 15.g3 Bf8
16.c5 b6 17.Nc4 axb4 18.cxb6 bxc3 19.b7 Bxb7 20.Rxd7 Ba6 21.Kc2 Bxa3 22.Ra1 Bc5
23.Nb6 Bd3+ 24.Bxd3 Rxa1 25.Bc4 Rf8 26.Nc8 Kg7 27.Nd6 Ra7 28.Nb7 Ba3 29.Be3 Nf6
30.Rc7 c5 31.f4 Ne8 32.Rd7 Rxb7 33.Rxb7 Nd6 34.Ra7 Nxc4 35.Bf2 Bb4  0-1

[Event "Budapest FS09 GM"]
[Site "Budapest"]
[Date "1996.??.??"]
[Round "10"]
[White "Fang, Joseph"]
[Black "Sukharisingh, Ralf"]
[Result "0-1"]
[WhiteElo "2375"]
[BlackElo "2400"]

1.d4 Nf6 2.c4 d6 3.Nc3 Nbd7 4.Nf3 g6 5.e4 e5 6.Be2 Bg7 7.O-O O-O 8.Re1 h6
9.dxe5 dxe5 10.Bf1 c6 11.b4 Re8 12.Rb1 Qc7 13.h3 Nf8 14.Be3 g5 15.c5 g4 16.Nh4 gxh3
17.gxh3 Ng6 18.Nxg6 fxg6 19.Qf3 Rf8 20.Qg3 Kh7 21.Be2 Qf7 22.Kh2 g5 23.Rh1 Nh5
24.Bxh5 Qxh5 25.Kg2 Be6 26.Rbd1 Rf7 27.f3 Raf8 28.Rhf1 Rf4 29.Rd6 Bc8 30.Ne2 R4f6
31.Rd2 Qf7 32.Ng1 Qc4 33.Rb1 R6f7 34.Rb3 Rd7 35.Rxd7 Bxd7 36.Qe1 Be6 37.Qd2 Bf6
38.Rd3 Qxa2 39.Qxa2 Bxa2 40.Rd7+ Rf7 41.Rd6 Bc4 42.Bf2 Kg7 43.Bg3 Rc7 44.Kf2 Kf7
45.Ne2 Be6 46.Nc1 Bxh3 47.Nd3 Re7 48.Ke3 Bf1 49.Rd8 h5 50.Ra8 Bxd3 51.Kxd3 a6
52.Rd8 Rc7 53.Rb8 g4 54.fxg4 hxg4 55.Ke2 Rd7 56.Bh2 Bg5 57.Bxe5 Re7 58.Bd6 Rxe4+
59.Kd3 Rxb4 60.Kc3 a5 61.Bc7 Bf6+ 62.Kd3 a4  0-1